Obrazy a sochy = Paintings and sculptures : Phelan O'Hara (Great Britain), Paul Roxi (Germany), Joachim Elzmann (Germany) /

Hlavní autor: O'Hara, Phelan, 1940-
Korporativní autor: Galerie Miro (Praha, Česko)
Další autoři: Roxi, Paul, 1948-, Eltzmann, Joachim, 1953-, Štěpán, Petr, 1953-
Jazyk: Němčina
Čeština
Angličtina
Vydáno: Praha : Galerie Miro ve spolupráci s Galerií Michael Haas Berlín, 2012
Témata:
Fyzický popis: [40] s. : barev. il. ; 21 cm
Language note: Souběžný anglický a část. souběžný německý text
Knihy
Uloženo v:
LEADER 02871nam a2200709 a 4500
001 nkc20122375699
003 CZ PrNK
005 20120822105305.0
007 ta
008 120629s2012 xr a e c 000 0 cze
015 |z cnb002375699 
020 |a 978-80-904239-8-5  |q (brož.)  |z 978-80-904-239-85 
040 |a OLA001  |b cze 
041 1 |a cze  |a eng  |a ger  |h cze 
043 |a e-uk---  |a e-gx--- 
044 |a xr  |a gw 
045 |a y0y1 
072 7 |a 72/76  |x Výtvarné umění  |2 Konspekt  |9 21 
080 |a 75(410)  |2 MRF 
080 |a 75(430)  |2 MRF 
080 |a 730(430)  |2 MRF 
080 |a 7.036/.038  |2 MRF 
080 |a (410)  |2 MRF 
080 |a (430)  |2 MRF 
080 |a (083.824)  |2 MRF 
100 1 |a O'Hara, Phelan,  |d 1940-  |7 jo2012710516  |4 art 
245 1 0 |a Obrazy a sochy =  |b Paintings and sculptures : Phelan O'Hara (Great Britain), Paul Roxi (Germany), Joachim Elzmann (Germany) /  |c [text Petr Štěpán] 
246 3 |a Phelan O'Hara, Paul Roxi, Joachim Elzmann - obrazy a sochy 
246 3 |a Phelan O'Hara, Paul Roxi, Joachim Elzmann - paintings and sculptures 
246 3 1 |a Paintings and sculptures 
260 |a Praha :  |b Galerie Miro ve spolupráci s Galerií Michael Haas Berlín,  |c 2012 
300 |a [40] s. :  |b barev. il. ;  |c 21 cm 
500 |a 500 výt. 
500 |a Katalog u příležitosti výstavy v Galerii Miro, Praha 17.4.2012-3.6.2012 
546 |a Souběžný anglický a část. souběžný německý text 
600 1 7 |a O'Hara, Phelan,  |d 1940-  |7 jo2012710516  |2 czenas 
600 1 7 |a Roxi, Paul,  |d 1948-  |7 jo2012710520  |2 czenas 
600 1 7 |a Elzmann, Joachim,  |d 1953-  |7 ola2012712819  |2 czenas 
648 4 |a 2004-2012 
648 7 |a 21. století  |7 ch460559  |2 czenas 
650 0 7 |a britské malířství  |7 ph114197  |y 21. století  |2 czenas 
650 0 7 |a německé malířství  |7 ph123512  |y 21. století  |2 czenas 
650 0 7 |a německé sochařství  |7 ph123520  |y 21. století  |2 czenas 
650 0 7 |a moderní umění  |7 ph115340  |z Velká Británie  |2 czenas 
650 0 7 |a moderní umění  |7 ph115340  |z Německo  |2 czenas 
650 0 9 |a British painting  |y 21st century  |2 eczenas 
650 0 9 |a German painting  |y 21st century  |2 eczenas 
650 0 9 |a German sculpture  |y 21st century  |2 eczenas 
650 0 9 |a modern art  |z Great Britain  |2 eczenas 
650 0 9 |a modern art  |z Germany  |2 eczenas 
655 7 |a katalogy výstav  |7 fd132536  |2 czenas 
655 9 |a exhibition catalogs  |2 eczenas 
700 1 |a Roxi, Paul,  |d 1948-  |7 jo2012710520  |4 art 
700 1 |a Eltzmann, Joachim,  |d 1953-  |7 jo2012710531  |4 art 
700 1 |a Štěpán, Petr,  |d 1953-  |7 jo20000082740  |4 wfw 
710 2 |a Galerie Miro (Praha, Česko)  |7 ko2002149019 
910 2 |a BOA001  |b 2-1286.479 
928 9 |a Galerie Michael Haas Berlín 
990 |a BK 
995 |a 11 
991 |b 201208  |c NOV  |e n 
996 6 |b 2610519086  |c 2-1286.479  |l MZK  |r Sklad / do 1 hodiny  |n 0  |p p.v.  |w 001272029  |u 000010  |a 1  |e BOA001  |j MZK50  |s P